Equipes ayant participé à au moins un Worlds de LoL - FR - Statistiques

Statistiques générales
  • Ce quiz a été pris 22 fois
  • Le résultat moyen est 32 sur 117
Statistiques - réponses
Total participations / Total editions in which they could have qualified Team % Correct
12 / 14 FNC - Fnatic
100%
6 / 7 GenG
100%
2 / 7 HLE - Hanwha Life Esports
100%
8 / 10 T1
100%
8 / 9 G2
93%
3 / 8 JDG - JD Gaming
87%
6 / 6 DK - Dplus Kia
80%
7 / 11 EDG - EDward Gaming
80%
3 / 10 KTR - KT Rolster
80%
2 / 11 SK
80%
2 / 7 BLG - Bilibili Gaming
73%
10 / 12 C9 - Cloud9
73%
4 / 5 PSG Talon
73%
3 / 5 Rogue
73%
1 / 1 Samsung Blue
73%
2 / 2 Samsung White
73%
2 / 7 DRX
67%
4 / 13 Invictus Gaming
67%
2 / 3 ROX Tigers
67%
1 / 3 Team BDS
67%
3 / 7 TES - Top Esports
67%
6 / 10 TL - Team Liquid
67%
5 / 6 GAM
60%
6 / 10 RNG - Royal Never Give Up
60%
2 / 3 Samsung Galaxy
60%
3 / 13 Team WE
60%
1 / 2 aAa - against All authority
53%
2 / 3 CFO - CTBC Flying Oyster
53%
2 / 8 FlyQuest
53%
2 / 7 FPX - FunPlus Phoenix
53%
5 / 5 MAD Lions KOI
53%
1 / 9 Vitality
53%
2 / 6 LNG
47%
1 / 5 Origen
47%
9 / 14 TSM
47%
4 / 7 100 Thieves
40%
5 / 10 DFM - DetonatioN FocusMe
33%
1 / 2 Griffin
33%
2 / 4 H2K - Hard 2 Kill
33%
2 / 4 Loud
33%
2 / 3 Taipei Assasins
33%
1 / 3 Team oNe
33%
1 / 3 Team Whales
33%
2 / 3 WBG - Weibo
33%
1 / 1 Alliance
27%
1 / 11 Dignitas
27%
1 / 9 Freecs
27%
1 / 1 M5 - Moscow Five
27%
1 / 7 Misfits
27%
1 / 6 Suning
27%
3 / 7 Unicorns Of Love
27%
1 / 1 | 4 / 12 CLG - Counter Logic Gaming
20%
3 / 8 Gambit
20%
1 / 5 Istanbul Wildcats
20%
1 / 3 NRG
20%
2 / 7 Papara SuperMassive
20%
2 / 4 Splyce
20%
1 / 1 Azubu Frost
13%
1 / 7 Immortals
13%
2 / 12 LGD
13%
1 / 2 Longzhu Gaming
13%
2 / 12 OMG - Oh My God
13%
2 / 12 paiN
13%
1 / 2 VKE - Vikings Esports
13%
1 / 6 Evil Geniuses
7%
1 / 6 Fenerbahçe
7%
1 / 4 Galatasaray
7%
1 / 1 Lemondogs
7%
4 / 12 R7 - Rainbow7
7%
1 / 7 RED Canids
7%
2 / 3 Royal Club
7%
3 / 6 Saigon Buffalo
7%
5 / 8 Ahq e-Sports Club
0%
1 / 1 Albus NoX Luna
0%
1 / 2 Ascension Gaming
0%
1 / 6 Bangkok Titans
0%
2 / 3 Beyond Gaming
0%
1 / 8 CEC - Chiefs Esports Club
0%
1 / 2 Clutch Gaming
0%
1 / 10 Dark Passage
0%
2 / 10 Dire Wolves
0%
2 / 3 Najin Black Sword
0%
1 / 2 Epik Gamer
0%
1 / 6 Flamengo
0%
4 / 6 Flash Wolves
0%
1 / 1 Gamania Bears
0%
1 / 1 GamingGear.eu
0%
1 / 2 G-Rex
0%
2 / 7 Hong Kong Attitude
0%
1 / 2 I May
0%
2 / 7 Infinity
0%
2 / 12 INTZ
0%
2 / 11 Isurus
0%
1 / 9 J Team
0%
2 / 11 KaBuM!
0%
2 / 6 KLG - Kaos Latin Gamers
0%
1 / 8 Legacy
0%
1 / 1 LMQ
0%
1 / 1 Lowkey
0%
1 / 5 Machi
0%
1 / 2 MAD Team
0%
1 / 7 MAMMOTH EC
0%
1 / 2 MEGA
0%
1 / 6 Mineski
0%
1 / 3 NaJin White Shield
0%
1 / 2 PEACE
0%
1 / 4 PENTAGRAM
0%
1 / 2 Royal Youth
0%
1 / 5 Saigon Jokers
0%
1 / 5 SHG - Fukuoka HAWKS gaming
0%
1 / 2 SK Telecom T1 K
0%
1 / 1 Team gamed!de
0%
1 / 1 Team Pacific
0%
1 / 7 V3
0%
1 / 1 Xan
0%
1 / 1 XDG Gaming
0%
Aucun quiz correspondant
Distribution des résultats
% des personnes avec chaque résultat
Percentile par nombre de réponses
Votre historique - résultats
Vous n’avez pas pris ce quiz